000 00303nam a22001457a 4500
020 _a817573824-3
082 _a920
_bDUA/K
100 _aDUA,SHYAM
245 _aTHE LUMINOUS LIFE OF KAPIL DEV
250 _aFIRST
260 _aDELHI
_c2004
300 _a96
650 _aBIOGRAPHY
_zINDIA
942 _cBK
999 _c5978
_d5978